Obmedzenie platieb v hotovosti
Opatrením obmedzenia platieb v hotovosti sa zabránilo fiktívnemu vystavovaniu príjmových a výdavkových dokladov bez reálneho toku finančných prostriedkov, kreatívnemu účtovníctvu na konci účtovného a zdaňovacieho obdobia podľa toho, aký základ dane daňový subjekt vykazuje. Daňový úrad má zároveň lep...
Guardado en:
| Autor principal: | |
|---|---|
| Formato: | Capítulo de libro |
| Lenguaje: | eslovaco |
| Materias: | |
| Etiquetas: |
Sin Etiquetas, Sea el primero en etiquetar este registro!
|
MARC
| LEADER | 00000naa a2200000 4500 | ||
|---|---|---|---|
| 001 | 0300176 | ||
| 005 | 20240426123827.0 | ||
| 041 | 0 | |a slo | |
| 044 | |a SK | ||
| 245 | 1 | 0 | |a Obmedzenie platieb v hotovosti |c Lukáš Fudák |
| 520 | |a Opatrením obmedzenia platieb v hotovosti sa zabránilo fiktívnemu vystavovaniu príjmových a výdavkových dokladov bez reálneho toku finančných prostriedkov, kreatívnemu účtovníctvu na konci účtovného a zdaňovacieho obdobia podľa toho, aký základ dane daňový subjekt vykazuje. Daňový úrad má zároveň lepší prehľad o aktivitách podnikateľov a lepšie vie koncentrovať svoju pozornosť na podozrivé operácie. | ||
| 610 | 2 | 0 | |a platby v hotovosti |
| 610 | 2 | 0 | |a účtovníctvo |
| 610 | 2 | 0 | |a dane |
| 610 | 2 | 0 | |a subjekty daňové |
| 610 | 2 | 0 | |a podnikatelia |
| 610 | 2 | 0 | |a úrady daňové |
| 610 | 2 | 0 | |a pranie špinavých peňazí |
| 610 | 2 | 0 | |a transparentnosť |
| 610 | 2 | 0 | |a zákony |
| 100 | 1 | |a Fudák, Lukáš | |